La pandemia de COVID-19 y un nuevo orden mundial

Detalles Bibliográficos
Autor principal: Vieira Posada, Edgar
Formato: eBook
Lenguaje:español
Publicado: Medelln̕: Universidad Cooperativa de Colombia, 2021
Materias:
Acceso en línea:Acceso restringido

MARC

LEADER 00000nam a22000007a 4500
005 20220404232634.0
007 cr|||| ||||
008 220404s2021 co |||||s|||| 00||0 spa d
020 |a 978-958-760-289-0 
035 |a 36002 
040 |a vLex 
090 |c 13103  |d 13103 
100 1 |a Vieira Posada, Edgar 
245 1 2 |a La pandemia de COVID-19 y un nuevo orden mundial  |h [Recurso electrn̤ico] /  |c Edgar Vieira Posada 
256 |a Servicio en ln̕ea 
260 |a Medelln̕:  |b Universidad Cooperativa de Colombia,  |c 2021 
300 |a 1 recurso electrn̤ico 
500 |a Las consecuencias del coronavirus son de distinto orden. En este libro se consideran algunas de las que afectan el orden mundial, el cual tendr ̀diversos impactos en la pospandemia. La pandemia de covid-19 no ha sido la primera ni tampoco ser ̀la l︢tima, en un mundo en el que la humanidad no ha sabido guardar la debida relacin̤ con la naturaleza y con el planeta. Se ha reaccionado con interpretaciones variadas sobre el coronavirus, algunas racionales y otras disparatadas que incorporan teora̕s lineales y hasta conspirativas. Hay visiones que invitan a pensar en el futuro en derivas autoritarias innecesarias frente a las del respeto de las libertades individuales democrt̀icas, en un clima de generalizacin̤ de sistemas de vigilancia y de tecnologa̕s digitales de control lideradas por China, pero utilizadas tambiň por algunos Gobiernos en Occidente. El comportamiento chino se ofrece como modelo para el mundo, lo cual plantea disyuntivas para pas̕es latinoamericanos de alineamientos diferentes frente al nuevo poder y el alineamiento tradicional con Estados Unidos. Este entorno ofrece la posibilidad de pensar en un rǧimen polt̕ico mundial fundamentado en experiencias maquiavelianas, pero sin descuidar el trasfondo polt̕ico de un terrorismo siempre activo y vigente y de los fuertes cambios en el entorno geoeconm̤ico con el acortamiento de las cadenas globales de valor en su espacialidad transcontinental. 
506 1 |a Disponible solo en los productos indicados  |d vLex Global  |d vLex Global (Academic Edition, excluding Law Schools)  |d vLex Global (U.S. Academic Edition, Law Schools)  |d vLex Global (U.S. Academic Edition, excluding Law Schools)  |d vLex Global (Academic Edition, Law Schools) 
650 0 4 |a Relaciones internacionales  |z Colombia 
650 0 4 |a Ciencia polt̕ica  |z Colombia 
740 0 |a vLex Libros (Servicio en ln̕ea) 
856 4 0 |u https://app.vlex.com/#/sources/36002  |z Acceso restringido 
942 |c BOOK 
999 0 |a International Relations 
999 0 |a Political Science